000 00484nam a22001697a 4500
003 BD-ChCU
005 20260106135523.0
008 260106b bg ||||| |||| 00| 0 ben d
040 _cBD-ChCU
082 _a190 STS
100 _aStumpf , Samuel Enoch
_918719
245 _aSocrates to Sartre :
_ba history of Philosophy ./
_cSamuel Enoch , Stumpf.
260 _aNew York :
_bMcgraw - hill ,
_cC 1966
300 _aviii , 510p
650 0 _aPhilosophy .
_918720
942 _2ddc
_cBK
_n0
999 _c110760
_d110760